Knižní dílo Jana Amose Komenského : studie bibliografická /

Hlavní autor: Brambora, Josef, 1904-1980
Jazyk: Čeština
Vydáno: Praha : SPN, 1957
Vydání: 2. vyd.
Témata:
Fyzický popis: 211 s.
Knihy
Uloženo v:
LEADER 01297nam a22002892a 4500
001 000153867
003 CZ BrMZK
005 20150210132932.0
007 ta
008 970107s1957 xr f cze d
015 |a cnb000727960 
035 |a (OCoLC)85699803 
040 |a BOA001  |b cze 
100 1 |a Brambora, Josef,  |d 1904-1980  |7 jk01012953  |4 aut 
245 1 0 |a Knižní dílo Jana Amose Komenského :  |b studie bibliografická /  |c Josef Brambora 
250 |a 2. vyd. 
260 |a Praha :  |b SPN,  |c 1957 
300 |a 211 s. 
910 |a BOA001  |b PK-0009.701-57  |b 2-0390.240 
964 |a Komenský, Jan Amos - spisy - bibliografie 
990 |a BK 
996 6 |b 2619864406  |c 2-0390.240  |l MZK  |r Sklad / do 24 hodin  |n 3  |w 000153867  |u 000040  |a 1  |e BOA001  |j MZK50  |s P 
996 7 |b 2619864407  |c 2-0390.240  |l MZK  |r Sklad / do 24 hodin  |n 1  |w 000153867  |u 000050  |a 1  |e BOA001  |j MZK50  |s A 
996 7 |b 2619864408  |c 2-0390.240  |l MZK  |r Sklad / do 24 hodin  |n 3  |w 000153867  |u 000060  |a 1  |e BOA001  |j MZK50  |s A 
996 6 |b 2619990162  |c 2-0390.240  |l Stud. starých tisků/4.patro  |r PST  |n 0  |h SL3  |w 000153867  |u 000030  |a 1  |e BOA001  |j MZK50  |s P 
996 7 |b 3119908340  |c PK-0009.701-57  |l MZK  |r Sklad / do 1 hodiny  |n 0  |w 000153867  |u 000020  |a 1  |e BOA001  |j MZK50  |s A 
996 7 |b 3119955890  |c PK-0009.701-57  |l MZK  |r Sklad / do 1 hodiny  |n 2  |w 000153867  |u 000010  |a 1  |e BOA001  |j MZK50  |s A